Sharks

Bibliographic Details
Main Author: Spinelli, Eileen
Format: Book
Published: Illinois : Publications International , 1991
Series:Children's nature library
Subjects:

MARC

LEADER 00000cam a2200000 7i4500
001 0000005394
002 000005829
005 20000330.0
020 |a 0881765007 
090 0 0 |a J 591.51   |b CHI 
100 1 |a Spinelli, Eileen 
245 1 0 |a Sharks   |c Eileen Spinelli 
260 |a Illinois :   |b Publications International ,   |c 1991 
300 |a 62p :   |b Illust ;   |c 21 cm. 
490 0 |a Children's nature library 
650 0 0 |a Sharks   |x Juvenile literature 
999 |a 026999   |b BUKU   |c JUNIOR REFERENCE   |e PERPUSTAKAAN KOMUNITI PETALING JAYA